Góp phần bảo tồn văn hoá người Bih Tây Nguyên
Giới thiệu vùng cư trú và tộc người; văn hóa truyền thống của người Binh. Đề cập đến bảo tồn và phát huy bản sắc văn hóa người Binh
Đã lưu trong:
| Tác giả chính: | |
|---|---|
| Định dạng: | Sách |
| Năm xuất bản: |
H.
Thời đại
2011
|
| Chủ đề: | |
| Tags: |
Thêm thẻ
Không có thẻ, Hãy là người đầu tiên gắn thẻ bản ghi này!
|
| LEADER | 00763nam a2200169 4500 | ||
|---|---|---|---|
| 082 | |a 398.095976 |b L561TH | ||
| 100 | |a Lê Thanh Sơn | ||
| 245 | |a Góp phần bảo tồn văn hoá người Bih Tây Nguyên |c Lê Thanh Sơn | ||
| 260 | |a H. |b Thời đại |c 2011 | ||
| 300 | |a 342 tr. |c 21 cm | ||
| 520 | |a Giới thiệu vùng cư trú và tộc người; văn hóa truyền thống của người Binh. Đề cập đến bảo tồn và phát huy bản sắc văn hóa người Binh | ||
| 653 | |a Văn hoá dân gian Việt Nam | ||
| 653 | |a Dân tộc Binh | ||
| 653 | |a Tây Nguyên | ||
| 942 | |2 ddc |c SH | ||
| 999 | |c 8091 |d 8091 | ||
| 952 | |0 0 |1 0 |2 ddc |4 0 |6 398_095976000000000_L561TH |7 0 |8 300 |9 69180 |a qbu |b qbu |c D2 |d 2015-03-31 |o 398.095976 L561TH |p 7949.c1 |r 0000-00-00 |w 2015-03-31 |y SH | ||